000 00303nam a22001337a 4500
007 9780534579975
008 171005b xxu||||| |||| 00| 0 eng d
041 _aeng
080 _26 ED
_a159.9
100 _a48
101 _aPSI
245 _aINTRODUCTION TO PSYCHOLOGY
_cPLOTNIK.R
942 _2udc
_cBK
999 _c31862
_d31862